| 000 | 00979cam a2200205 4500 | ||
|---|---|---|---|
| 001 | ##L134883 | ||
| 008 | 060908n2006 000 0 eng u | ||
| 035 | _a(Sirsi) u134883 | ||
| 041 | 0 | _aeng | |
| 050 | 0 | 4 | _a306.1 $2 18 |
| 110 | 2 |
_aBritish Property Federation _91604 |
|
| 245 | 0 | 0 |
_aLetting in the future _bhousing manifesto 2006 |
| 260 |
_aLondon _bBPF _c2006 |
||
| 520 | _aOutlines the role that the private rented sector could play in increasing the provision of new homes, especially for sectors of the market not favoured by traditional housebuilders such as affordable and key worker housing. Discusses measures which the government could take to increase the attractiveness of the private rented sector to commercial companies. | ||
| 590 | _aIKA190906 NTK | ||
| 651 | 4 |
_aUnited Kingdom _y |
|
| 690 | _aPROPERTY-RESIDENTIAL PROPERTY-RESIDENTIAL PROPERTY MARKET | ||
| 856 | 4 | 0 |
_uhttps://www.bpf.org.uk _zView the item free of charge at www.bpf.org.uk... |
| 942 | _n0 | ||
| 999 |
_c105831 _d105831 |
||